عرض عادي
عرض مارك
- مراد، غادة كمال محروس
مدخل إسم شخص
001 - رقم الضبط
- حقل الضبط: 36853
003 - معرف رقم الضبط
- حقل الضبط: OSt
005 - تاريخ ووقت أخر عملية
- حقل الضبط: 20130905104842.0
008 - عناصر بيانات ثابتة الطول
- حقل تحكم ثابت الطول: 130905|||a|||||| | ||| d
040 ## - مصدر الفهرسة
- هيئة الفهرسة الأصلية: OSt
- وكالة الكتابة: OSt
100 ## - مدخل -- أسم شخص
- إسم شخص: مراد، غادة كمال محروس
670 ## - بيانات المصدر موجوده
- الاستشهاد بالمصدر: Work cat.: (OSt): حمودي، عاصم صابر راشد 36851, تنمية المهارات الحركية والفنية للأطفال / , 2012
